000 02635cam a22003011i 4500
003 SA-RiAUC
005 20250615101303.0
008 250320s1927 xxu g 000 0cara c
040 _aSD-OmOIU
_bara
_cSA-RiAUC.
_erda
082 0 4 _a920.0091761
_qSA-RiAUC
090 _aن 920.0091761
_b ج ل ا
100 1 _aالجلال السيوطي، عبد الرحمن بن أبي بكر بن محمد،
_d849-911 هجري
_eمؤلف.
245 1 0 _aنظم العقيان في أعيان الأعيان /
_cتأليف جلال الدين عبد الرحمن بن أبي بكر السيوطي ؛ حرره فيليب حتي.
264 1 _a[مكان النشر غير محدد] :
_b[الناشر غير محدد]،
_c1927
264 3 _aنيويورك، الولايات المتحدة الأمريكية :
_bالمطبعة السورية الأمريكية
300 _a179 صفحة ؛
_c24 سم
336 _aنص
_btxt
_2rdacontent
_3كتاب
337 _aبدون وسيط
_bn
_2rdamedia
338 _aمجلد
_bnc
_2rdacarrier
520 0 _aيتضمن تراجم مشاهير القرن التاسع للهجرة في مصر وسوريا وسائر العالم الإسلامي.
650 7 _aالإسلام
_vتراجم
_2aucsh
651 7 _aالبلاد الإسلامية
_vتراجم
_2aucsh
700 1 _aحتي، فيليب،
_d1886-1978
_eمحرر.
856 _uhttp://www.alwaraq.net/Core/waraq/coverpage?bookid=236&option=1
_yExternal Link
_2 نرجو الانتباه لإمكانية وجود اختلاف في الطبعة أو الناشر بين البيانات على البوابة وما ستجده على الكتاب نظرا لمحدودية المعلومات المتاحة على الموقع الناشر للمادة.
_3Please note that there may be a difference in the edition or publisher between the data on the portal and the book due to the limited information available on the publisher website for the material.
856 _uhttp://www.alwaraq.net/Core/AlwaraqSrv/bookpage?book=236&option=1&fkey=2&page=1
_yDigital Copy
_2 نرجو الانتباه لإمكانية وجود اختلاف في الطبعة أو الناشر بين البيانات على البوابة وما ستجده على الكتاب نظرا لمحدودية المعلومات المتاحة على الموقع الناشر للمادة.
_3Please note that there may be a difference in the edition or publisher between the data on the portal and the book due to the limited information available on the publisher website for the material.
942 _2ddc
_cRARE BOOK
_n0
949 _aSA-JeALM
_d250320
_umohamedma123
_n1
999 _c6567
_d6567